| 000 | 00499nam a2200109Ia 4500 | ||
|---|---|---|---|
| 008 | 160909s9999 xx 000 0 und d | ||
| 100 | _aDanzer, Graham | ||
| 245 | _aSymptom severity upon admission and frequency of hospital readmission as predictors of medication adherence and length of stay for involuntary adults in an inpatient psychiatric facility | ||
| 260 |
_bAlliant International University _c2016 |
||
| 650 | _aPSYCHOLOGY | ||
| 856 | _uhttp://pqdtopen.proquest.com/doc/1708989680.html?FMT=ABS | ||
| 999 |
_c304133 _d304133 |
||